00382 2200157 4500001002100000005001500021035002000036245004000056100001700096300001200113260004300125082000800168084001400176020002200190990001200212INLIS00000000000175320250505023138 a0010-05250000451 aYang Katanya Cemara /cVania Winola0 aVania Winola a228 hlm aJakarta :bBukune Kreatif Cipta,c2023 a813 a813 VAN y a978-602-220-718-4 a0754614